Red Dead Redemption 2 Characters - Statistics

General Stats
  • This quiz has been taken 808 times
  • The average score is 17 of 24
Answer Stats
Picture Answer % Correct
Lenny Summers
96%
Sadie Adler
94%
Jack Marston
90%
Abigail Roberts
86%
John Martson
86%
Sean MacGuire
86%
Arthur Morgan
85%
Dutch Van Der Linde
85%
Micah Bell
83%
Charles Smith
78%
Mary Linton
73%
Andrew Milton
72%
Molly O'Shae
70%
Tilly Jackson
70%
Josiah Trelawny
64%
Angelo Bronte
62%
Colm O'Driscoll
62%
Leviticus Cornwall
60%
Eagle Flies
58%
Rains Fall
54%
Catherine Braithwaite
49%
Leigh Gray
46%
Alberto Fussar
32%
Hercule Fontaine
27%
No matching quizzes found
Score Distribution
Percent of People with Each Score
Percentile by Number Answered
Your Score History
You have not taken this quiz